Compositeurs français - Statistiques

Statistiques générales
  • Ce quiz a été pris 36 fois
  • Le résultat moyen est 7 sur 22
Statistiques - réponses
Hint Réponse % Correct
"Carmen""L'Arlésienne" Georges Bizet
90%
"Daphnis et Chloé"Gaspard de la nuit" Maurice Ravel
84%
"Samson et Dalila""Le Carnaval des animaux" Camille Saint-Saëns
81%
"Pelléas et Mélisande""Suite bergamasque" Claude Debussy
77%
"Gymnopédie" "Gnossiennes" Erik Satie
74%
"La damnation de Faust" Hector Berlioz
74%
"Les Indes galantes"Castor et Pollux" Jean-Philippe Rameau
68%
"Te Deum" "David et Jonathas" "Médée" Marc-Antoine Charpentier
35%
"Faust""La Reine de Saba" "Mireille" Charles Gounod
29%
"Manon""Werther" "Thaïs" Jules Massenet
29%
"Quatuor pour la fin du Temps""La Nativité du Seigneur" Olivier Messiaen
29%
"Timbres,espaces,mouvement""Métaboles" "Tout un monde lointain" Henri Dutilleux
16%
"Un homme et une femme""Love Story" Francis Lai
13%
"Les Biches""Stabat Mater" "Figure humaine" Francis Poulenc
13%
"Préparez vos mouchoirs"
"L'Amour en fuite"
"Le dernier Metro"
Georges Delerue
10%
"Poème électronique""Déserts" Edgard Varèse
3%
"Les Divas du dancing" Philippe Cataldo
3%
"Hymne à la justice" Albéric Magnard
0%
"La Fille de Mme Angot" Charles Lecocq
0%
"Exultet" Edith Canat de Chizy
0%
"Malaga"La Ville" "Niggun" Jean-François Zygel
0%
"Love in C Minor" Marc Cerrone
0%
Aucun quiz correspondant
Distribution des résultats
% des personnes avec chaque résultat
Percentile par nombre de réponses
Votre historique - résultats
Vous n’avez pas pris ce quiz